000 00702nam a22002177a 4500
003 OSt
005 20230125101551.0
008 171014s2003 cr||||| |||| 00| 0 spa d
020 _a970 32 0598 4
040 _cLado V
082 0 4 _a708
_bD671m
100 _aDomingo, Francisco
_9601
_eeditor
245 _aMemoria Muca Roma 2002/
_bmuseo Universitario de ciencias y arte/
260 _aMexico
_bMUCA ROMA
300 _a72p.
_c14x20cm
650 _2Tesauro de Arte & Arquitectura
_aMUSEO
650 _2Tesauro de Arte & Arquitectura
_aARTE MEXICANO
650 _2Tesauro de Arte & Arquitectura
_aARTE
700 _aLomas, Eduardo
_eeditor
942 _2ddc
_c1
_h708
_iD671m
_n0
999 _c2866
_d2866